000 01084nam0a22002891 4500
001 RU\INFOCOMM_322\NLR\5000092889
005 20260406121614.0
035 _a(NLR Aleph) 009458529
090 _a8451656
_c8451656
100 _a20121206d1979 |||y0rusy50 ca
101 0 _aeng
102 _aRU
105 _ay z |||||
200 1 _aSome tendencies in the development of radical regimes in the Afro-Asian world
_fA. Kiva
_gUSSR Acad. of sciences, Inst. of Oriental studies
210 _aM.
_cNauka
_d1979
215 _a6 с.
_d21 см
225 1 _aPapers for the Congress
_fXI World congr. of Intern. polit. science assoc., Moscow, Aug. 12-18, 1979
606 0 _aРазвивающиеся страны
_2nlr_sh1
620 _aМосква
686 _aТ3(5)63,023
_2rubbk
700 1 _aKiva
_bA. V.
_gAleksej Vasil'evič
712 0 2 _4570
_8eng
_aInternational association of political science
_bCongress
_d11
_f1979
_eMoscow
_7ba
_3RU\NLR\AUTH\8814217
_9301597
801 1 _aRU
_bNLR
_c20121206
801 0 _aRU
_bINFOCOMM
_gPSBO
852 _aNLR
_jИ91 Д-4/215
942 _cBOOK
980 _aNB